Detalles MARC
| 000 -LIDER |
| fixed length control field |
02064nam a2200445 a 4500 |
| 001 - NÚMERO DE CONTROL |
| Identificador de número de control |
|
| 003 - IDENTIFICACDOR DE NÚMERO DE CONTROL |
| control field |
OSt |
| 005 - DATE AND TIME OF LATEST TRANSACTION |
| control field |
20240221075649.0 |
| 008 - ELEMENTOS DE LONGITUD FIJA |
| fixed length control field |
110408s2010 dr r 000 j spa d |
| 020 ## - ISBN |
| International Standard Book Number |
9993486124 |
| 040 ## - FUENTE DE CATALOGACIÓN |
| Agencia que crea de manera original el registro |
DO-SdBNP |
| Idioma de catalogación |
spa |
| Agencia que realiza la transcripción |
BPMSU |
| 082 ## - NÚMERO DE CLASIFICACIÓN DECIMAL DE DEWEY |
| Classification number |
RD863.44 |
| Item number |
C571p 2010 |
| Edition number |
22 |
| 245 01 - MENCIÓN DE TITULO |
| Título |
La ciguapa, el pícaro y la dama : |
| Subtítulo |
relatos y leyendas dominicanos / |
| Mención de responsabilidad |
Javier Angulo Guridi ... [et al.] ; selección de Andrés Blancos Díaz. |
| 246 13 - VARIACION DEL TÍTULO |
| Título propiamente dicho o título corto |
El pícaro y la dama |
| 260 ## - PUBLICACIÓN, DISTRIBUCIÓN, ETC. (PIE DE IMPRENTA) |
| Lugar de publicación, distribución, etc |
Santo Domingo : |
| Nombre del editor, distribuidor, etc. |
Alfaguara, |
| Fecha de publicación, distribución, etc |
2010. |
| 300 ## - DESCRIPCIÓN FÍSICA |
| Extensión |
148 p. ; |
| Dimensiones |
22 cm. |
| 490 0# - MENCIÓN DE SERIES |
| Mención de serie |
Alfaguara |
| 490 1# - MENCIÓN DE SERIES |
| Mención de serie |
Roja |
| 505 0# - NOTA DE CONTENIDO |
| Título |
La ciguapa / |
| Mención de responsabilidad |
Javier Angulo Guridi -- |
| Título |
La boca del indio / |
| Mención de responsabilidad |
Alejandro Llenas -- |
| Título |
Humorada trágica / |
| Mención de responsabilidad |
Federico Henríquez y Carvajal -- |
| Título |
Pepa, Pepe y José / |
| Mención de responsabilidad |
Amelia Francasci -- |
| Título |
La novia de su ilustrísima / |
| Mención de responsabilidad |
Temístocles A. Ravelo -- |
| Título |
Los diamantes negros / |
| Mención de responsabilidad |
José Ramón López -- |
| Título |
El aguador / |
| Mención de responsabilidad |
José Ramón López -- |
| Título |
Ernesto de Anqui6ses / |
| Mención de responsabilidad |
Fabio Fiallo -- |
| Título |
Cándido Espuela / |
| Mención de responsabilidad |
Vigil Díaz -- |
| Título |
Mingo / |
| Mención de responsabilidad |
Tomás Hernández Franco -- |
| Título |
Zumbador / |
| Mención de responsabilidad |
J. M. Sanz Lajara -- |
| 590 ## - NOTA LOCAL |
| Texto de la nota local |
Inventariado, 2022/VM |
| 650 #4 - ENCABEZAMIENTO DE MATERIA--TEMÁTICO |
| Término temático o nombre geográfico como elemento de entrada |
Cuentos dominicanos |
| Subdivisión de forma |
Colecciones |
| 650 #4 - ENCABEZAMIENTO DE MATERIA--TEMÁTICO |
| Término temático o nombre geográfico como elemento de entrada |
Literatura dominicana. |
| 650 #4 - ENCABEZAMIENTO DE MATERIA--TEMÁTICO |
| Término temático o nombre geográfico como elemento de entrada |
Leyendas dominicanas |
| 650 #4 - ENCABEZAMIENTO DE MATERIA--TEMÁTICO |
| Término temático o nombre geográfico como elemento de entrada |
Autores dominicanos |
| Subdivisión de forma |
Biografìas |
| 700 1# - ASIENTO SECUNDARIO -- NOMBRE PERSONAL |
| Nombre personal |
Blanco Díaz, Andrés |
| Mención de responsabilidad |
pról. |
| 700 1# - ASIENTO SECUNDARIO -- NOMBRE PERSONAL |
| Nombre personal |
Angulo Guridi, Javier |
| Título de una obra |
La ciguapa |
| 700 1# - ASIENTO SECUNDARIO -- NOMBRE PERSONAL |
| Nombre personal |
Llenas, Alejandro, |
| Fechas asociadas con el nombre |
1844-1902 |
| 700 1# - ASIENTO SECUNDARIO -- NOMBRE PERSONAL |
| Nombre personal |
Henríquez i Carvajal, Federico, |
| Fechas asociadas con el nombre |
1848-1952 |
| 700 1# - ASIENTO SECUNDARIO -- NOMBRE PERSONAL |
| Nombre personal |
Francasci, Amelia |
| Título de una obra |
Pepa, Pepe y José |
| 700 1# - ASIENTO SECUNDARIO -- NOMBRE PERSONAL |
| Nombre personal |
Ravelo, Temístocles A. |
| Título de una obra |
La novia de su ilustrísima |
| 700 1# - ASIENTO SECUNDARIO -- NOMBRE PERSONAL |
| Nombre personal |
Penson, César Nicolás |
| Título de una obra |
Los diamantes negros |
| 700 1# - ASIENTO SECUNDARIO -- NOMBRE PERSONAL |
| Nombre personal |
López, José Ramón |
| Título de una obra |
El aguador |
| 700 1# - ASIENTO SECUNDARIO -- NOMBRE PERSONAL |
| Nombre personal |
Fiallo, Fabio |
| Título de una obra |
Ernesto de Anquises |
| 700 1# - ASIENTO SECUNDARIO -- NOMBRE PERSONAL |
| Nombre personal |
Díaz, Vigil |
| Título de una obra |
Cándido Espuela |
| 700 1# - ASIENTO SECUNDARIO -- NOMBRE PERSONAL |
| Nombre personal |
Hernández Franco, Tomás |
| Título de una obra |
Mingo |
| 700 1# - ASIENTO SECUNDARIO -- NOMBRE PERSONAL |
| Nombre personal |
Sanz Lajara, J. M. |
| Título de una obra |
Zumbador |
| 700 1# - ASIENTO SECUNDARIO -- NOMBRE PERSONAL |
| Nombre personal |
Carvajal, Federico Henríquez i, |
| Fechas asociadas con el nombre |
1848-1952 |
| 910 ## - VALIDACIÓN |
| Validación |
VMateo V. Control de calidad. BPMSU |
| 942 ## - ADDED ENTRY ELEMENTS (KOHA) |
| Source of classification or shelving scheme |
Dewey Decimal Classification |
| Koha item type |
Libros |